000 00232 a2200097 4500
001 37323
100 _aRanganathan S R
245 _aFive Laws of library Sc
260 _aBangalore
_bRangana Than Endowment
_c
090 _c23794
_d23794
942 _aNUST-CAE
_cM
_c15329
999 _c272396
_d272396